|
|
|
|
| LEADER |
01923nam a2200445 i 4500 |
| 001 |
EBC1656474 |
| 003 |
MiAaPQ |
| 005 |
20200520144314.0 |
| 006 |
m o d | |
| 007 |
cr cnu|||||||| |
| 008 |
140402t20142014enk ob 000 0 eng d |
| 020 |
|
|
|z 9781443856331
|
| 020 |
|
|
|a 9781443857819
|q (electronic bk.)
|
| 035 |
|
|
|a (MiAaPQ)EBC1656474
|
| 035 |
|
|
|a (Au-PeEL)EBL1656474
|
| 035 |
|
|
|a (CaPaEBR)ebr10850128
|
| 035 |
|
|
|a (CaONFJC)MIL830846
|
| 035 |
|
|
|a (OCoLC)875097364
|
| 040 |
|
|
|a MiAaPQ
|b eng
|e rda
|e pn
|c MiAaPQ
|d MiAaPQ
|
| 050 |
|
4 |
|a HC240
|b .E976 2014
|
| 082 |
0 |
|
|a 338.94
|2 23
|
| 245 |
0 |
0 |
|a Europe as a multiple modernity :
|b multiplicity of religious identities and belonging /
|c edited by Martina Topic and Srdjan Sremac.
|
| 264 |
|
1 |
|a Newcastle upon Tyne, [England] :
|b Cambridge Scholars Publishing,
|c 2014.
|
| 264 |
|
4 |
|c 2014
|
| 300 |
|
|
|a 1 online resource (382 pages)
|
| 336 |
|
|
|a text
|2 rdacontent
|
| 337 |
|
|
|a computer
|2 rdamedia
|
| 338 |
|
|
|a online resource
|2 rdacarrier
|
| 504 |
|
|
|a Includes bibliographical references at the end of each chapters.
|
| 588 |
|
|
|a Description based on online resource; title from PDF title page (ebrary, viewed April 1, 2014).
|
| 590 |
|
|
|a Electronic reproduction. Ann Arbor, MI : ProQuest, 2015. Available via World Wide Web. Access may be limited to ProQuest affiliated libraries.
|
| 650 |
|
0 |
|a History, Modern.
|
| 651 |
|
0 |
|a Europe
|x Economic policy.
|
| 651 |
|
0 |
|a Europe
|x History.
|
| 655 |
|
4 |
|a Electronic books.
|
| 700 |
1 |
|
|a Topic, Martina,
|e editor.
|
| 700 |
1 |
|
|a Sremac, Srdjan,
|e editor.
|
| 776 |
0 |
8 |
|i Print version:
|t Europe as a multiple modernity : multiplicity of religious identities and belonging.
|d Newcastle upon Tyne, [England] : Cambridge Scholars Publishing, c2014
|h x, 370 pages
|z 9781443856331
|
| 797 |
2 |
|
|a ProQuest (Firm)
|
| 856 |
4 |
0 |
|u https://ebookcentral.proquest.com/lib/matrademy/detail.action?docID=1656474
|z Click to View
|